00854nam a2200193 a 450000100100000000500170001000800410002704000250006810000280009324500950012126000610021630000170027750500840029470000400037804900090041895201080042795201080053599900170064300002510320200930023551.0110210s1963 xxu 000 0 spa d aDO-SdBNPbspacBNPHU1 aSeeberg, Reinhld95149210aManual de historia de las doctrinas /cReinhld Seeberg ; traductor José Míguez Bonino. aEstados Unidos :bCasa Bautista de Publicaciones,c1963. av. ;c22 cm.2 av. 2, Historia de las doctrinas en la edad media y principio de la edad moderna1 aBonino, José Míguezetr.951493 aBNPD 001050718MOaPDbPDcCTd2011-02-10iLF1l0ov. 1p25103-10r2020-06-25w2020-06-25y1ZNo se presta 001050718MOaPDbPDcCTd2011-02-10iLF1l0ov. 2p25103-20r2020-06-25w2020-06-25y1ZNo se presta c24596d24596